000 00427nab a2200145Ia 4500
003 ES-SlBCS
005 20210601133830.0
008 140529s1981 xxu||||| |||| 00| 0 por d
041 _apor
100 1 _aCidreira A. Silva, Suzete
_9210312
245 0 0 _aÉtica e Valor
_c Suzete Cidreira A. Silva
650 0 4 _aÉtica-Valor
_9210313
773 0 _tPresença Filosofica
_gvol. 7, nº. 1, 1981, págs. 104-108
_wRev966
942 _cAR
999 _c602831
_d602831